| 000 | 01519cam a2200361 a 4500 | ||
|---|---|---|---|
| 001 | EDZ0000071548 | ||
| 003 | StDuBDS | ||
| 005 | 20161031105124.0 | ||
| 006 | m||||||||d|||||||| | ||
| 007 | cr ||||||||||| | ||
| 008 | 120405s2005 enka fo| 001|0|eng|d | ||
| 020 |
_a9781452204536 (ebook) : _cNo price |
||
| 040 |
_aStDuBDS _beng _cStDuBDS _epn |
||
| 049 | _aAlfaisal Main Library | ||
| 050 | 0 |
_aHD30.3 _b.E54 2005 |
|
| 082 | 0 | 4 |
_a302.35 _223 |
| 245 | 0 | 0 |
_aEngaging organizational communication theory & research _h[electronic resource] : _bmultiple perspectives / _ceditors Steve May, Dennis K. Mumby. |
| 260 |
_aLondon : _bSAGE, _cc2005. |
||
| 300 |
_a1 online resource (ix, 308 p.) : _bill. |
||
| 504 | _aIncludes bibliographical references and index. | ||
| 520 | 8 | _aThe authors present theory emergence & development as an engaged process that occurs through the work of real scholars who are grappling with particular organisational problems & issues. | |
| 521 | _aSpecialized. | ||
| 588 | _aDescription based on print version record. | ||
| 504 | _aIncludes bibliographical references and index. | ||
| 650 | 0 | _aCommunication in organizations. | |
| 655 | 7 |
_aElectronic books. _2local |
|
| 700 | 1 |
_aMay, Steve _q(Steve Kent), _d1961- |
|
| 700 | 1 | _aMumby, Dennis K. | |
| 710 | 2 | _aSage eBooks | |
| 776 | 0 | 8 |
_iPrint version : _z9780761928492 |
| 856 | 4 | 0 | _uhttp://ezproxy.alfaisal.edu/login?url=http://sk.sagepub.com/books/engaging-organizational-communication-theory-and-research |
| 942 |
_2lcc _cEBOOKS |
||
| 999 |
_c479780 _d479780 |
||